Statistiken für Leute in Bildern mit Barack Obama

Klicken Sie hier um das Quiz zu spielen!

Allgemein

  • Dieses Quiz wurde 160 mal gespielt
  • Das Durchschnittsergebnis liegt bei 10 aus 20

Antwortstatistiken

Antwort% Korrekt
Wladimir Putin
99%
Angela Merkel
97%
Hillary Clinton
95%
Der Dalai Lama
78%
Papst Franziskus
78%
Joe Biden
70%
Shakira
65%
Justin Trudeau
60%
Nicolas Sarkozy
54%
David Cameron
49%
Benjamin Netanjahu
46%
Justin Timberlake
44%
John Kerry
36%
John McCain
29%
Stephen Curry
27%
Mitt Romney
25%
Betty White
23%
David Letterman
14%
John Glenn
5%
Sonia Sotomayor
1%

Verteilung der Resultate

Perzentil nach korrekt beantworteten Fragen

Anzahl Personen mit jedem Resultat

Ihre Resultats-Entwicklung

Sie haben dieses Quiz noch nicht gespielt